000 00523nam a2200181Ia 4500
008 100917s9999 xx 000 0 und d
082 _b44230
100 _aजोगळेकर चंद्रप्रभा
245 _aस्कायलॅब
260 _bमनोरमा प्रकाशन
_c1981
300 _a287
365 _b35
520 _aकादंबरी
630 _aस्कायलॅब
650 _aकादंबरी
730 _aस्कायलॅब
942 _cBOOK
999 _c649624
_d649621